Proyecto de alfabetización de adultos "Cultura Amplia", PAACA
Zapisane w:
| 1. autor: | |
|---|---|
| Format: | Książka |
| Język: | Spanish |
| Wydane: |
Santo Domingo , República Dominicana
Centro Dominicano de Estudios de la Educación, CEDEE ; Centro de Planificación y Acción Ecuménica, CEPAE
|
| Hasła przedmiotowe: | |
| Etykiety: |
Dodaj etykietę
Nie ma etykietki, Dołącz pierwszą etykiete!
|
MARC
| LEADER | 00000nam a22000007a 4500 | ||
|---|---|---|---|
| 003 | cru CIDCACS/IIS | ||
| 005 | 20180112105051.0 | ||
| 008 | 180112bs.f. a|||| |||| 00| ||spa|d | ||
| 999 | |c 40807 |d 40807 | ||
| 040 | |c cru CIDCACS/IIS | ||
| 090 | |a 06.03.05 P969p | ||
| 100 | 1 | |9 6355 |a Navarro, Agustín | |
| 245 | 1 | 0 | |a Proyecto de alfabetización de adultos "Cultura Amplia", PAACA |
| 260 | |a Santo Domingo , República Dominicana |b Centro Dominicano de Estudios de la Educación, CEDEE ; Centro de Planificación y Acción Ecuménica, CEPAE | ||
| 300 | |a 18 páginas | ||
| 500 | |a Colección Alforja | ||
| 650 | 1 | 0 | |9 2543 |a ALFABETIZACION |
| 650 | 1 | 0 | |9 4512 |a ADULTOS |
| 650 | 1 | 0 | |9 2541 |a EDUCACION DE ADULTOS |
| 650 | 1 | 0 | |9 291 |a EDUCACION POPULAR |
| 651 | 1 | 0 | |9 309 |a REPUBLICA DOMINICANA |
| 942 | |2 ddc |c LI | ||
